Vykazovanie informácií o segmentoch podľa IFRS 8

Spoločnosti od roku 2009 postupujú podľa nového IFRS 8 pri vykazovaní informácií o segmentoch.

Guardado en:
Detalles Bibliográficos
Autor principal: Tumpach, Miloš, 1970-
Formato: Capítulo de libro
Lenguaje:eslovaco
Materias:
Etiquetas: Agregar Etiqueta
Sin Etiquetas, Sea el primero en etiquetar este registro!

MARC

LEADER 00000nla$a2200000$$$4500
001 0128575
005 20240502072454.9
041 0 |a slo 
044 |a SK 
245 1 0 |a Vykazovanie informácií o segmentoch podľa IFRS 8  |c Miloš Tumpach 
520 |a Spoločnosti od roku 2009 postupujú podľa nového IFRS 8 pri vykazovaní informácií o segmentoch. 
610 2 0 |a štandardy účtovné medzinárodné 
610 2 0 |a IFRS 
610 2 0 |a výkazy účtovné 
610 2 0 |a informácie 
100 1 |a Tumpach, Miloš, 1970-